<?xml version="1.0" encoding="UTF-8"?>
<record
    xmlns:xsi="http://www.w3.org/2001/XMLSchema-instance"
    xsi:schemaLocation="http://www.loc.gov/MARC21/slim http://www.loc.gov/standards/marcxml/schema/MARC21slim.xsd"
    xmlns="http://www.loc.gov/MARC21/slim">

  <leader>01236nam a2200157Ia 4500</leader>
  <controlfield tag="005">20250719144651.0</controlfield>
  <controlfield tag="008">250719s9999    xx            000 0 und d</controlfield>
  <datafield tag="020" ind1=" " ind2=" ">
    <subfield code="a">9780786438372</subfield>
  </datafield>
  <datafield tag="082" ind1=" " ind2=" ">
    <subfield code="a">940.2745</subfield>
    <subfield code="b">WIL</subfield>
  </datafield>
  <datafield tag="100" ind1=" " ind2=" ">
    <subfield code="a">Cunningham, Chet</subfield>
  </datafield>
  <datafield tag="245" ind1=" " ind2="4">
    <subfield code="a">The French Assault on American Shipping, 1793-1813</subfield>
  </datafield>
  <datafield tag="260" ind1=" " ind2=" ">
    <subfield code="b">McFarland</subfield>
    <subfield code="c">2009</subfield>
  </datafield>
  <datafield tag="500" ind1=" " ind2=" ">
    <subfield code="a">During the French Revolutionary and Napoleonic eras, France was plagued by war and crop failures and was desperately in need of supplies. Legally and illegally, French privateers and cruisers took cargo from merchant vessels of every nation, perhaps the United States more than any other. At least 6,479 U.S. claims involving more than 2,300 vessels were filed and these claims give a close approximation of American goods lost to the French. The three main sections of this reference book present a comprehensive accounting of the losses (arranged by ship), descriptions of court cases involving important questions of law, and the disposition of claims. Also included are a glossary, a list of geographical locations mentioned in the text, and an overview of relevant acts of Congress, proclamations, treaties, and foreign decrees.</subfield>
  </datafield>
  <datafield tag="650" ind1=" " ind2=" ">
    <subfield code="a">Transportation</subfield>
  </datafield>
  <datafield tag="942" ind1=" " ind2=" ">
    <subfield code="c">ENGLISH</subfield>
  </datafield>
  <datafield tag="999" ind1=" " ind2=" ">
    <subfield code="c">576629</subfield>
    <subfield code="d">576629</subfield>
  </datafield>
  <datafield tag="952" ind1=" " ind2=" ">
    <subfield code="0">0</subfield>
    <subfield code="1">0</subfield>
    <subfield code="4">0</subfield>
    <subfield code="7">0</subfield>
    <subfield code="a">ACL</subfield>
    <subfield code="b">ACL</subfield>
    <subfield code="c">7B</subfield>
    <subfield code="d">2025-07-19</subfield>
    <subfield code="l">0</subfield>
    <subfield code="o">940.27450 WIL</subfield>
    <subfield code="p">278381</subfield>
    <subfield code="r">2025-07-19 14:46:51</subfield>
    <subfield code="w">2025-07-19</subfield>
    <subfield code="y">ENGLISH</subfield>
  </datafield>
</record>
